Román Francés (Record no. 10904)
[ view plain ]
| 000 - LÍDER | |
|---|---|
| campo de control de longitud fija | 01924nam a2200229Ia 4500 |
| 008 - ELEMENTOS DE DATOS DE LONGITUD FIJA - INFORMACIÓN GENERAL | |
| campo de control de longitud fija | 0000001996 sp ad 0000000000mul00 |
| 090 ## - NÚMERO DE LLAMADA DE TIPO LC LOCALMENTE ASIGNADO (OCLC) | |
| Número de clasificación (OCLC) (R) | PSP00 R65r |
| 245 10 - TÍTULO DECLARACIÓN | |
| Título | Román Francés |
| 260 ## - PUBLICACIÓN, DISTRIBUCIÓN | |
| Lugar de publicación | Castellón : Agora Gallery |
| Fecha de publicación | 1996 |
| 300 ## - DESCRIPCIÓN FÍSICA | |
| Alcance | 63 p. |
| Dimensiones | / 31 cm. |
| 500 ## - NOTA GENERAL | |
| Nota general | Incluye datos biográficos del artista \ Registro auspiciado por la FGAA. Bogotá |
| 505 ## - NOTA DE CONTENIDO FORMATEADA | |
| Nota sobre el contenido formateado | OBRAS : Lago con Nenúfares = Lake with waterlilies Mantón rojo = Red shawl Romántica = Romantic Marta en el lago con Pamela = Marta with Bonnet at the lake Marta con clavel = Marta with carnation Mantón azul = Blue shawl Nuca con mantón = Nape of neck with shawl Perfil de Marta = Marta's profile Figuras con manzano = Figures with apple three Descanso en el bordado = A rest form embroidery Mantón y cesta de anémonas = Shawl and basket of anemones Estivalia = Summertime Añoranza en lilas = Nostalgia in Lilies Elisabeth = Elisabeth Cabeza de niña con flores = Girl's head with flowers Pensando bordan = Thinking of embroidering Mantón azul especial = Blue shawl special Marta en el lago = Marta at the lake Ana con flores en el lago = Anna with flowers in the lake Patio de Sevilla = Sevillar patio Cabecita con sombrero = Head with hat Estanque en Miami = Lake in Miami Niña de Andalucia = Andalucian child Marta en rojo = Marta in red Marta con azules = Mata in blue En el jardín = In the garden Veraneo = Summer Holiday Bordando en la mesa con Liliums = Embroidering at a table with Lilies Blanca adolescencia = White adolescence |
| 600 00 - ENTRADA DE SUJETO AÑADIDO - NOMBRE PERSONAL | |
| Nombre de la persona | ROMAN FRANCES, JOSE MIGUEL, 1950/ |
| Subdivisión general | TRABAJOS PICTORICOS |
| 650 14 - ENTRADA DE SUJETO AÑADIDO - TÉRMINO TÓPICO | |
| Término tópico o elemento de entrada del nombre geográfico | ARTE CONTEMPORANEO ESPAÑOL |
| 650 14 - ENTRADA DE SUJETO AÑADIDO - TÉRMINO TÓPICO | |
| Término tópico o elemento de entrada del nombre geográfico | ARTISTAS PLASTICOS ESPAÑOLES |
| 650 14 - ENTRADA DE SUJETO AÑADIDO - TÉRMINO TÓPICO | |
| Subdivisión general | CATALOGOS |
| 650 14 - ENTRADA DE SUJETO AÑADIDO - TÉRMINO TÓPICO | |
| Término tópico o elemento de entrada del nombre geográfico | MUJERES EN EL ARTE |
| 650 14 - ENTRADA DE SUJETO AÑADIDO - TÉRMINO TÓPICO | |
| Término tópico o elemento de entrada del nombre geográfico | NATURALEZA EN EL ARTE |
| 650 14 - ENTRADA DE SUJETO AÑADIDO - TÉRMINO TÓPICO | |
| Término tópico o elemento de entrada del nombre geográfico | PINTORES ESPAÑOLES |
| 650 14 - ENTRADA DE SUJETO AÑADIDO - TÉRMINO TÓPICO | |
| Término tópico o elemento de entrada del nombre geográfico | PINTURA AL OLEO |
| 650 14 - ENTRADA DE SUJETO AÑADIDO - TÉRMINO TÓPICO | |
| Término tópico o elemento de entrada del nombre geográfico | PINTURA ESPAÑOLA |
| Estado de retirada | Pérdida de estatus | Estado dañado | No para préstamo | Código de recogida | Ubicación permanente | Ubicación actual | Ubicación de las estanterías | Fecha de adquisición | Número de llamada completo | Código de barras | Fecha de la última vez que se vio | Número de copia | Precio efectivo desde | Tipo de artículo Koha |
|---|---|---|---|---|---|---|---|---|---|---|---|---|---|---|
| General | ArtNexus | ArtNexus | General | 06/09/2022 | P-SP-00 R65R | 11005 | 06/09/2022 | Ej.1 | 06/09/2022 | Libro |